000 00755nam a2200253 i 4500
001 bgj
100 1 _aCAMPBELL, William Giles
_d(1902- )
245 1 0 _aForm and style :
_btheses, reports, term papers /
_cWilliam Giles Campbell ; Stephen Vaughan Vallou ; Carole Slade.
250 _a7th ed.
260 _aBoston :
_bHoughton Mifflin Company,
_cc. 1986.
300 _aXII, 226 pp :
_bill. ;
_c28 cm.
505 _aIncludes indexes.
650 9 _aReport writing
650 9 _aDissertations, Academic
650 9 _aAbstracting
700 1 _aBALLOU, Stephen Vaughan
700 1 _aSLADE, Carole
020 _a039535725X
040 _cBPK
041 0 _aeng
920 _a0-395-35725-X
942 _cKS
008 s uk f |000 0 eng
999 _c47822
_d47822
856 _uhttp://koha.tu.koszalin.pl/cgi-bin/koha/opac-detail.pl?biblionumber=47822
_yKatalog online BPK